División teritorial administrativa de la República de Costa Rica

Uloženo v:
Podrobná bibliografie
Korporativní autor: Costa Rica. Ministerio de Economía, Industria y Comercio. Dirección General de Estadística y Censos
Médium: Text
Vydáno: San José: MIC. DGEC
Tagy: Přidat tag
Žádné tagy, Buďte první, kdo vytvoří štítek k tomuto záznamu!

MARC

LEADER 00000 a a2200000 04500
001 16507
003
040
090 |a 012100  
110 |a Costa Rica. Ministerio de Economía, Industria y Comercio. Dirección General de Estadística y Censos  
245 |a División teritorial administrativa de la República de Costa Rica  
260 |a San José:   |b MIC. DGEC  
300 |a 101 p  
999 |c 16946  |d 16946